000 02866nam a2200325 i 4500
001 000004415
003 DO-SdBNP
005 20260321073638.0
008 090721s1988 dr 000 0 spa d
040 _aDO-SdBNP
_bspa
_cBNPHU
_erda
041 _aspa
082 4 _a320.97293
_bB742t
_222
100 1 _a Bosch, Juan,
_d1909-2001
_4aut.
_eautor
_976555
245 1 0 _a33 artículos de temas políticos /
_cJuan Bosch.
246 1 _aTreinta y tres artículos de temas políticos.
264 _aSanto Domingo, República Dominicana :
_bAlfa & Omega,
_c1988.
300 _a265 páginas ;
_c22 cm.
336 _atexto
_btxt
_2rdacontent
337 _asin mediación
_bn
_2rdamedia
338 _avolumen
_bnc
_2rdacarrier
505 0 _tIntroducción --
_tLa función del líder --
_tConsideraciones acerca del político : la vocación y el oficio --
_tLa revolución Rusa comenzó en 1905 --
_tNo todas las revoluciones han tenido programa --
_tIdeología y táctica en la actividad política --
_tTáctica y estrategía --
_tOpiniones sobre la política y cultura --
_tAlgunos conceptos acerca del Estado : ¿cómo funciona ese aparato del poder? --
_tDe la Constitución de los Estados Nacionales a la Organización de las Naciones Unidas --
_tEs sólo uno, y no tres, el poder del Estado --
_t¿Qué es el Fondo Monetario y cómo opera --
_t¿ Qué es una clase gubernamental? --
_tLa oligarquía financiera se ha convertido en la clase gubernamental norteamericana --
_tEl SIDA económico amenaza al mundo --
_tLas luchas obreras en los Estados Unidos --
505 0 _tLa crisis capitalista en la economía norteamericana --
_tLos dólares que nos prestan valen cada vez menos --
_tLlego la hora de adoptar una política para el oro --
_tLa guerra de las Galaxias --
_tSalvador Allende en las memorias de Kinssiger --
_tUn mensaje para Reagan --
_tEn la República Dominicana la social democracia es una estafa política --
_tUna lección de la histórica : la unidad de los pueblos Centroamericanos --
_tNicaragua y los Estados Unidos : elecciones comparadas --
_tNicaragua amenazada --
_tVidas paralelas en América Latina --
_tSimón Bolívar el de las luchas portentosas --
_tHaití a travéz de su historia --
_tExilio y lucha antitrujillista --
_tUn capítulo nuevo en la lucha contra Trujillo --
_tCartas cruzadas con el cónsul de Trujillo en Curazao --
_tLa muerte de Trujillo secreto develado.
590 _aInventariado, 2018/ YL
650 4 _aLiderazgo político
_zRepública Dominicana
_vEnsayos, conferencias, etc.
_912975
650 4 _aPolítica internacional
_vEnsayos, conferencias, etc.
_912748
651 4 _aRepública Dominicana
_xPolítica y gobierno
_vEnsayos, conferencias, etc.
_9205
651 4 _aRepública Dominicana
_xHistoria
_yEra de Trujillo, 1930-1961
_vEnsayos, conferencias, etc.
_912749
910 _aValidado. Control de calidad MMOLINA
942 _2ddc
_cLBS1
999 _c4224
_d4224